[Event "BL2-Nord 1920"]
[Site "Germany"]
[Date "2019.10.20"]
[Round "2.2"]
[White "Rabiega, Robert"]
[Black "Michna, Marta"]
[Result "1/2-1/2"]
[WhiteElo "2507"]
[BlackElo "2363"]
[PlyCount "35"]
[EventDate "2019.10.19"]
[EventType "team-tourn"]
[EventRounds "9"]
[EventCountry "GER"]
[SourceTitle "CBM 194 Extra"]
[Source "ChessBase"]
[SourceDate "2020.03.31"]
[SourceVersion "1"]
[SourceVersionDate "2020.03.31"]
[SourceQuality "1"]
[WhiteTeam "Koenig Tegel"]
[BlackTeam "Kiel Turm II"]
[WhiteTeamCountry "GER"]
[BlackTeamCountry "GER"]

1. e4 e6 2. d4 d5 3. Nc3 Bb4 4. exd5 exd5 5. Bd3 Nf6 6. Nge2 0-0 7. 0-0 c6 8. Ng3 Re8 9. h3 Nbd7 10. Qf3 Nf8 11. a3 Be7 12. Nf5 Bxf5 13. Bxf5 g6 14. Bd3 Ne6 15. Ne2 Bd6 16. Be3 Nh5 17. g3 Ng5 18. Bxg5 1/2-1/2

[Event "BL2-Nord 1920"]
[Site "Germany"]
[Date "2019.10.19"]
[Round "1.2"]
[White "Reuker, Jari"]
[Black "Rabiega, Robert"]
[Result "0-1"]
[WhiteElo "2394"]
[BlackElo "2507"]
[PlyCount "96"]
[EventDate "2019.10.19"]
[EventType "team-tourn"]
[EventRounds "9"]
[EventCountry "GER"]
[SourceTitle "CBM 194 Extra"]
[Source "ChessBase"]
[SourceDate "2020.03.31"]
[SourceVersion "1"]
[SourceVersionDate "2020.03.31"]
[SourceQuality "1"]
[WhiteTeam "Werder Bremen II"]
[BlackTeam "Koenig Tegel"]
[WhiteTeamCountry "GER"]
[BlackTeamCountry "GER"]

1. d4 d5 2. c4 dxc4 3. e4 Nc6 4. Nf3 Bg4 5. d5 Ne5 6. Bf4 Ng6 7. Bg3 e5 8. Bxc4 Bd6 9. Nc3 Nf6 10. Bb5+ Kf8 11. Be2 Kg8 12. Nd2 h5 13. h4 Bd7 14. Qb3 Rb8 15. a4 Qe7 16. Nf3 Nf4 17. Bxf4 exf4 18. Bd3 Ng4 19. Ng5 g6 20. Bb5 c6 21. Bc4 Ne5 22. Rd1 Kg7 23. Be2 Rhe8 24. dxc6 bxc6 25. Qc2 Bc5 26. Qc1 Qf6 27. 0-0 Bb6 28. b4 Bg4 29. a5 Bd8 30. f3 Bc8 31. g3 fxg3 32. f4 Ng4 33. e5 Qe7 34. Nce4 Rxb4 35. Nd6 Bxa5 36. Rf3 Rf8 37. Qxc6 Be6 38. Rxg3 Rxf4 39. Rf1 Nxe5 40. Qb5 Rxf1+ 41. Kxf1 Qxd6 42. Qxa5 Bg4 43. Qxa7 Bxe2+ 44. Kxe2 Rd8 45. Qa1 Qd2+ 46. Kf1 Rd4 47. Kg1 Qf4 48. Qe1 Rd1 0-1

[Event "BL2-Nord 1819"]
[Site "Germany"]
[Date "2019.03.24"]
[Round "10.2"]
[White "Rabiega, Robert"]
[Black "Leniart, Arkadiusz"]
[Result "1/2-1/2"]
[WhiteElo "2509"]
[BlackElo "2497"]
[PlyCount "46"]
[EventDate "2018.11.10"]
[EventType "team-tourn"]
[EventRounds "10"]
[EventCountry "GER"]
[SourceTitle "CBM 190 Extra"]
[Source "ChessBase"]
[SourceDate "2019.07.15"]
[SourceVersion "1"]
[SourceVersionDate "2019.07.15"]
[SourceQuality "1"]
[WhiteTeam "Berlin Tegel"]
[BlackTeam "Ruedersdorf Glueckauf"]
[WhiteTeamCountry "GER"]
[BlackTeamCountry "GER"]

1. e4 e5 2. Nf3 Nc6 3. Bc4 Nf6 4. d3 Bc5 5. 0-0 d6 6. c3 a6 7. Bb3 Ba7 8. Be3 Qe7 9. Nbd2 h6 10. Re1 Bxe3 11. fxe3 0-0 12. Nf1 Kh7 13. Ng3 g6 14. d4 Bd7 15. Bc2 Ne8 16. b4 Ng7 17. a4 f6 18. Qd2 Nd8 19. c4 a5 20. b5 Nf7 21. Rab1 Bg4 22. Qc3 b6 23. Nd2 Rae8 1/2-1/2